000 00433cam a2200169ua 4500
020 _c2.00
041 _amal
_h
082 _a894.812308
_bPAR/MA
100 _aParameswaran, Pillai Erumely.
245 _aMalayile manka /
_cErumely Parameswaran Pillai.
_hTextual Documents
260 _aChampakulam :
_bB.K.M Book Depot ,
_c1963.
300 _a178 ; .
365 _a2.00
504 _a
942 _cBK
999 _c3617
_d3617